[Event "Chinese League Div-A Final-KO 2023"]
[Site "Xiongan"]
[Date "2023.12.10"]
[Round "8.8"]
[White "Zeng, Chongsheng"]
[Black "Dai, Changren"]
[Result "1-0"]
[WhiteElo "2577"]
[BlackElo "2491"]
[Annotator "RC"]
[PlyCount "81"]
[EventDate "2023.12.02"]
[EventCountry "CHN"]
[SourceTitle "playchess.com"]
[Source "ChessBase"]
[SourceQuality "1"]

1. d4 {[%emt 0:00:02]} d5 {[%emt 0:00:05]} 2. c4 {[%emt 0:00:14]} c6 {[%emt 0:00:03]} 3. Nf3 {[%emt 0:00:28]} Nf6 {[%emt 0:00:03]} 4. e3 {[%emt 0:00:08]} Bf5 {[%emt 0:00:08]} 5. Nc3 {[%emt 0:00:08]} e6 {[%emt 0:00:03]} 6. Nh4 {[%emt 0:00:07]} Be4 {[%emt 0:00:03]} 7. f3 {[%emt 0:00:06]} Bg6 {[%emt 0:00:03]} 8. Qb3 {[%emt 0:00:10]} Qc7 {[%emt 0:00:04]} 9. Bd2 {[%emt 0:00:25]} Be7 {[%emt 0:00:10]} 10. cxd5 {[%emt 0:00:33]} cxd5 {[%emt 0:10:33]} 11. Nxg6 {[%emt 0:00:10]} hxg6 {[%emt 0:00:04]} 12. O-O-O {[%emt 0:00:05]} Nc6 {[%emt 0:01:32]} 13. Kb1 {[%emt 0:00:09]} a6 {[%emt 0:02:21]} 14. Rc1 {[%emt 0:00:05]} Rc8 {[%emt 0:04:28]} 15. g4 {[%emt 0:08:55]} Nd7 {[%emt 0:04:15]} 16. Bd3 {[%emt 0:24:12]} Rxh2 {[%emt 0:11:13]} 17. Rxh2 {[%emt 0:06:01]} Qxh2 {[%emt 0:00:03]} 18. Qxb7 {[%emt 0:10:30]} Rb8 {[%emt 0:09:41]} 19. Qxc6 {[%emt 0:00:31]} Qxd2 {[%emt 0:00:12]} 20. Bc2 {[%emt 0:00:46]} Qxe3 {[%emt 0:06:00]} 21. Ba4 {[%emt 0:04:20]} Qd3+ {[%emt 0:08:49]} 22. Ka1 {[%emt 0:00:45]} Rd8 {[%emt 0:00:06]} 23. Rh1 {[%emt 0:05:39]} Qxf3 {[%emt 0:23:28]} 24. Rh8+ {[%emt 0:03:12]} Bf8 {[%emt 0:00:01]} 25. Qc5 {[%emt 0:02:53]} Qh1+ {[%emt 0:00:43]} 26. Rxh1 Bxc5 {[%emt 0:00:08]} 27. dxc5 {[%emt 0:00:10]} Ke7 {[%emt 0:00:02]} 28. Bxd7 {[%emt 0:00:41]} Rxd7 {[%emt 0:00:22]} 29. b4 {[%emt 0:00:23]} f5 {[%emt 0:00:09]} 30. Na4 {[%emt 0:01:54]} Kf6 {[%emt 0:01:41]} 31. Rc1 {[%emt 0:01:59]} Rc7 {[%emt 0:01:53]} 32. Nb6 {[%emt 0:02:05]} f4 {[%emt 0:02:14]} 33. c6 {[%emt 0:02:23]} Ke5 {[%emt 0:02:16]} 34. a4 {[%emt 0:02:02]} f3 {[%emt 0:00:38]} 35. b5 {[%emt 0:02:04]} axb5 {[%emt 0:00:02]} 36. axb5 {[%emt 0:00:04]} Kd6 {[%emt 0:02:00]} 37. Nd7 {[%emt 0:02:35]} e5 {[%emt 0:03:38]} 38. Nxe5 {[%emt 0:01:42]} Ra7+ {[%emt 0:00:20]} 39. Kb2 {[%emt 0:00:07]} Ra5 {[%emt 0:00:13]} 40. c7 {[%emt 0:01:13]} Rxb5+ {[%emt 0:00:02]} 41. Ka3 {[%emt 0:00:05]} 1-0

[Event "Chinese League Div-A Final-KO 2023"]
[Site "Xiongan"]
[Date "2023.12.10"]
[Round "8.9"]
[White "Xiao, Yiyi"]
[Black "Wang, Chuqiao"]
[Result "1-0"]
[WhiteElo "2343"]
[BlackElo "2215"]
[Annotator "RC"]
[PlyCount "169"]
[EventDate "2023.12.02"]
[EventCountry "CHN"]
[SourceTitle "playchess.com"]
[Source "ChessBase"]
[SourceQuality "1"]

1. Nf3 {[%emt 0:00:07]} Nf6 {[%emt 0:00:11]} 2. g3 {[%emt 0:00:44]} d5 {[%emt 0:00:12]} 3. c4 {[%emt 0:00:13]} c6 {[%emt 0:01:48]} 4. Bg2 {[%emt 0:00:18]} Bf5 {[%emt 0:00:24]} 5. Qb3 {[%emt 0:00:37]} Qb6 {[%emt 0:00:29]} 6. d3 {[%emt 0:00:14]} e6 {[%emt 0:01:58]} 7. O-O {[%emt 0:04:23]} Nbd7 {[%emt 0:01:35]} 8. Nc3 {[%emt 0:08:45]} Nc5 {[%emt 0:03:47]} 9. Qxb6 {[%emt 0:03:22]} axb6 {[%emt 0:00:06]} 10. cxd5 {[%emt 0:16:15]} exd5 {[%emt 0:04:10]} 11. e4 {[%emt 0:05:21]} dxe4 {[%emt 0:03:22]} 12. Nd4 {[%emt 0:00:45]} Bd7 {[%emt 0:10:17]} 13. dxe4 {[%emt 0:00:13]} Ne6 {[%emt 0:03:22]} 14. Nf5 {[%emt 0:07:38]} Nc5 {[%emt 0:06:14]} 15. Bg5 {[%emt 0:09:07]} Bxf5 {[%emt 0:01:33]} 16. exf5 {[%emt 0:00:05]} O-O-O {[%emt 0:00:59]} 17. b4 {[%emt 0:00:57]} Nd3 {[%emt 0:00:32]} 18. b5 {[%emt 0:00:34]} Kc7 {[%emt 0:04:21]} 19. Rad1 {[%emt 0:06:52]} Bc5 {[%emt 0:03:20]} 20. Bf3 {[%emt 0:09:17]} h6 21. Bxf6 {[%emt 0:02:12]} gxf6 {[%emt 0:00:07]} 22. Be2 {[%emt 0:01:14]} Ne5 {[%emt 0:02:54]} 23. Ne4 {[%emt 0:00:14]} Be7 {[%emt 0:00:26]} 24. Kg2 {[%emt 0:03:02]} Nd7 {[%emt 0:01:08]} 25. Bc4 {[%emt 0:01:40]} Rhf8 {[%emt 0:01:26]} 26. Rfe1 {[%emt 0:03:48]} Nc5 {[%emt 0:01:54]} 27. Rxd8 {[%emt 0:01:33]} Kxd8 {[%emt 0:00:51]} 28. Rd1+ {[%emt 0:03:34]} Kc7 {[%emt 0:00:39]} 29. Rd4 {[%emt 0:00:14]} Rd8 {[%emt 0:03:41]} 30. Rxd8 {[%emt 0:00:14]} Kxd8 {[%emt 0:00:08]} 31. Nc3 {[%emt 0:02:22]} Ke8 {[%emt 0:00:07]} 32. f4 {[%emt 0:01:04]} Nd7 {[%emt 0:02:03]} 33. Kf3 {[%emt 0:00:21]} Bb4 {[%emt 0:00:51]} 34. Ne2 {[%emt 0:03:05]} Bc5 {[%emt 0:01:19]} 35. Ke4 {[%emt 0:00:10]} Ke7 {[%emt 0:01:49]} 36. Nd4 {[%emt 0:03:45]} cxb5 {[%emt 0:00:44]} 37. Nxb5 {[%emt 0:01:23]} Bg1 {[%emt 0:02:49]} 38. Kf3 {[%emt 0:00:33]} Bc5 {[%emt 0:00:52]} 39. Nc3 {[%emt 0:00:32]} Bd4 {[%emt 0:03:25]} 40. Nd5+ {[%emt 0:01:43]} Kd6 {[%emt 0:00:20]} 41. Ne3 {[%emt 0:02:32]} Ke7 {[%emt 0:01:02]} 42. Ke4 {[%emt 0:02:11]} Bc5 {[%emt 0:01:09]} 43. Ng4 {[%emt 0:00:13]} h5 {[%emt 0:00:52]} 44. Ne3 {[%emt 0:00:26]} Kf8 {[%emt 0:00:51]} 45. Be2 {[%emt 0:04:20]} h4 {[%emt 0:00:15]} 46. gxh4 {[%emt 0:00:22]} Nb8 {[%emt 0:00:53]} 47. Ng4 {[%emt 0:00:43]} Kg7 {[%emt 0:00:50]} 48. h5 {[%emt 0:00:16]} Be7 {[%emt 0:00:12]} 49. Bc4 {[%emt 0:01:07]} Nc6 {[%emt 0:00:22]} 50. a4 {[%emt 0:02:47]} Na7 {[%emt 0:00:56]} 51. h6+ {[%emt 0:02:43]} Kg8 {[%emt 0:00:11]} 52. Kd5 {[%emt 0:05:13]} Nc8 {[%emt 0:00:41]} 53. Bb5 {[%emt 0:03:15]} Nd6 {[%emt 0:01:49]} 54. Nxf6+ {[%emt 0:00:50]} Bxf6 {[%emt 0:00:04]} 55. Kxd6 {[%emt 0:03:08]} Bd4 56. Bc4 {[%emt 0:02:09]} Kf8 {[%emt 0:02:41]} 57. h7 {[%emt 0:01:22]} Kg7 {[%emt 0:00:08]} 58. h8=Q+ {[%emt 0:00:39]} Kxh8 {[%emt 0:00:03]} 59. Bxf7 {[%emt 0:00:08]} Kg7 {[%emt 0:00:02]} 60. Ke6 {[%emt 0:08:02]} Bf6 {[%emt 0:00:09]} 61. Bh5 {[%emt 0:00:16]} Bh4 {[%emt 0:00:16]} 62. Bf3 {[%emt 0:00:07]} Bf6 {[%emt 0:00:05]} 63. Bxb7 {[%emt 0:00:13]} Bh4 {[%emt 0:00:03]} 64. Bc8 {[%emt 0:00:36]} Bf6 {[%emt 0:00:19]} 65. Kd5 {[%emt 0:01:38]} Bh4 {[%emt 0:00:08]} 66. Be6 {[%emt 0:01:29]} Kf6 {[%emt 0:00:19]} 67. Kc6 {[%emt 0:00:05]} Bf2 {[%emt 0:00:03]} 68. h4 {[%emt 0:00:09]} Be3 {[%emt 0:00:31]} 69. h5 {[%emt 0:01:19]} Kg7 {[%emt 0:00:16]} 70. Bd7 {[%emt 0:00:16]} Bf2 {[%emt 0:01:03]} 71. Kd5 {[%emt 0:00:16]} Kf7 {[%emt 0:00:52]} 72. Ke5 {[%emt 0:01:21]} Bh4 {[%emt 0:00:47]} 73. Be6+ {[%emt 0:00:29]} Kg7 {[%emt 0:00:08]} 74. Bc4 {[%emt 0:00:17]} Bf6+ {[%emt 0:00:59]} 75. Ke6 {[%emt 0:00:05]} Bd4 {[%emt 0:02:48]} 76. f6+ {[%emt 0:00:41]} Kh6 {[%emt 0:00:34]} 77. f7 {[%emt 0:00:25]} Bc5 {[%emt 0:00:03]} 78. Kd7 {[%emt 0:00:50]} Kxh5 {[%emt 0:00:16]} 79. Ke8 {[%emt 0:00:13]} Kg4 {[%emt 0:00:11]} 80. f8=Q {[%emt 0:00:06]} Bxf8 {[%emt 0:00:06]} 81. Kxf8 {[%emt 0:00:03]} Kxf4 {[%emt 0:00:06]} 82. Ke7 {[%emt 0:00:07]} Ke5 {[%emt 0:00:10]} 83. Kd7 {[%emt 0:00:05]} Kd4 {[%emt 0:00:05]} 84. Kc6 {[%emt 0:00:11]} Kxc4 {[%emt 0:00:05]} 85. Kxb6 {[%emt 0:00:04]} 1-0

[Event "Chinese League Div-A Final-KO 2023"]
[Site "Xiongan"]
[Date "2023.12.10"]
[Round "8.10"]
[White "Huang, Qian"]
[Black "Zhang, Xiaowen"]
[Result "1/2-1/2"]
[WhiteElo "2410"]
[BlackElo "2261"]
[Annotator "RC"]
[PlyCount "66"]
[EventDate "2023.12.02"]
[EventCountry "CHN"]
[SourceTitle "playchess.com"]
[Source "ChessBase"]
[SourceQuality "1"]

1. d4 {[%emt 0:00:38]} d5 {[%emt 0:01:06]} 2. Nf3 {[%emt 0:01:51]} Nf6 {[%emt 0:00:25]} 3. c4 {[%emt 0:00:08]} dxc4 {[%emt 0:02:58]} 4. e3 {[%emt 0:04:47]} e6 {[%emt 0:00:12]} 5. Bxc4 {[%emt 0:00:20]} c5 {[%emt 0:00:19]} 6. O-O {[%emt 0:00:18]} a6 {[%emt 0:00:17]} 7. a4 {[%emt 0:07:28]} cxd4 {[%emt 0:02:39]} 8. exd4 {[%emt 0:00:14]} Nc6 {[%emt 0:00:18]} 9. Nc3 {[%emt 0:01:14]} Be7 {[%emt 0:00:22]} 10. Bg5 {[%emt 0:00:26]} O-O {[%emt 0:00:23]} 11. Re1 {[%emt 0:08:20]} h6 {[%emt 0:03:39]} 12. Bh4 {[%emt 0:02:13]} Bd7 {[%emt 0:01:50]} 13. Qe2 {[%emt 0:04:04]} Nh5 {[%emt 0:06:02]} 14. Bxe7 {[%emt 0:02:31]} Nxe7 {[%emt 0:00:08]} 15. Ne5 {[%emt 0:00:10]} Nf6 {[%emt 0:00:21]} 16. Rad1 {[%emt 0:04:41]} Be8 {[%emt 0:02:55]} 17. b3 {[%emt 0:02:51]} Ned5 {[%emt 0:06:06]} 18. Nxd5 {[%emt 0:03:28]} Nxd5 {[%emt 0:00:07]} 19. Qf3 {[%emt 0:00:20]} Rc8 {[%emt 0:03:24]} 20. Bxd5 {[%emt 0:00:24]} exd5 {[%emt 0:00:09]} 21. Rc1 {[%emt 0:00:07]} Rxc1 {[%emt 0:02:38]} 22. Rxc1 {[%emt 0:00:06]} f6 {[%emt 0:01:06]} 23. Ng4 {[%emt 0:00:29]} Bc6 {[%emt 0:01:12]} 24. Ne3 {[%emt 0:01:05]} Qd7 {[%emt 0:03:31]} 25. Rc5 {[%emt 0:01:18]} Re8 {[%emt 0:01:47]} 26. h3 {[%emt 0:02:42]} Re4 {[%emt 0:00:13]} 27. Nc2 {[%emt 0:01:49]} Qe7 {[%emt 0:00:53]} 28. Rc3 {[%emt 0:01:39]} Qe6 {[%emt 0:00:29]} 29. Kh2 {[%emt 0:00:39]} Qd6+ {[%emt 0:00:10]} 30. Qg3 {[%emt 0:00:29]} Qe7 {[%emt 0:00:48]} 31. Qf3 {[%emt 0:00:26]} Qd6+ {[%emt 0:00:12]} 32. Qg3 {[%emt 0:00:12]} Qe7 {[%emt 0:00:28]} 33. Qf3 {[%emt 0:00:20]} Qd6+ {[%emt 0:00:09]} 1/2-1/2

[Event "Chinese League Div-A Final-KO 2023"]
[Site "Xiongan"]
[Date "2023.12.11"]
[Round "9.1"]
[White "Wen, Yang"]
[Black "Wang, Hao"]
[Result "1/2-1/2"]
[WhiteElo "2574"]
[BlackElo "2694"]
[Annotator "TA"]
[PlyCount "62"]
[EventDate "2023.12.02"]
[EventCountry "CHN"]
[SourceTitle "playchess.com"]
[Source "ChessBase"]
[SourceQuality "1"]

{[%evp 13,62,0,0,0,0,0,0,0,0,0,0,0,0,-6,0,0,0,0,2,0,0,0,0,0,0,0,0,0,0,0,0,0,0,-2,-4,-13,0,0,0,0,0,0,0,-5,-5,-11,-3,-4,0,-1,0]} 1. e4 {[%emt 0:00:03]} e6 {[%emt 0:00:07]} 2. d4 {[%emt 0:00:06]} d5 {[%emt 0:00:04]} 3. exd5 {[%emt 0:00:37]} exd5 {[%emt 0:00:06]} 4. Nf3 {[%emt 0:00:03]} Nf6 {[%emt 0:00:08]} 5. Bd3 {[%emt 0:00:23]} c5 {[%emt 0:00:07]} 6. dxc5 {[%emt 0:01:53]} Bxc5 {[%emt 0:00:07]} 7. O-O {[%emt 0:00:06]} O-O {[%emt 0:00:06] The position is equal.} 8. h3 {[%emt 0:03:20] C01: French: Exchange Variation.} Ne4 {[%emt 0:00:13]} 9. Nc3 {[%emt 0:04:47] [#]} Nxc3 $146 {[%emt 0:00:18]} ({Predecessor:} 9... f5 10. Nb5 Nc6 11. c3 Qf6 12. Bc2 Rd8 13. Nbd4 Be6 14. Be3 Be7 15. Nxe6 Qxe6 {0-1 Prydun,A (2134)-Shuvalov,E (2038) Titled Tuesday intern op 30th May Late blitz 2023 (5)}) 10. bxc3 {[%emt 0:00:03]} h6 {[%emt 0:00:07]} 11. Nd4 {[%emt 0:08:35]} Nc6 {[%emt 0:18:20]} 12. Be3 {[%emt 0:05:48] [#] Nxc6 would be deadly.} Qf6 {[%emt 0:08:37]} 13. Nxc6 {[%emt 0:17:26]} Bxe3 {[%emt 0:10:15]} 14. Nb4 {[%emt 0:00:28]} ({Don't play} 14. fxe3 Qxc6 15. Qf3 Be6 $15) 14... Bc5 {[%emt 0:00:26]} 15. Nxd5 {[%emt 0:00:05]} Qg5 {[%emt 0:00:09][%cal Oc8h3]} 16. Qf3 {[%emt 0:01:50]} Bxh3 {[%emt 0:00:55][%mdl 64] [#] Pin. A strong pair of Bishops.} 17. Nf6+ {[%emt 0:03:24]} Qxf6 {[%emt 0:03:51]} 18. Qxf6 {[%emt 0:01:18]} gxf6 {[%emt 0:00:06]} 19. gxh3 {[%emt 0:00:03]} Kh8 {[%emt 0:14:57]} 20. Kg2 {[%emt 0:01:34]} Rg8+ {[%emt 0:00:06]} 21. Kf3 {[%emt 0:00:05]} Rg5 {[%emt 0:00:03]} 22. h4 {[%emt 0:14:29]} Rh5 {[%emt 0:00:13]} 23. Kg4 {[%emt 0:06:50]} Re5 {[%emt 0:00:06]} 24. Kf3 {[%emt 0:00:06]} Rae8 {[%emt 0:03:53]} 25. Rg1 {[%emt 0:01:10]} f5 {[%emt 0:00:30]} 26. Rad1 {[%emt 0:07:11]} Be7 {[%emt 0:02:05]} 27. h5 {[%emt 0:11:03]} Bg5 {[%emt 0:01:21]} 28. Rb1 {[%emt 0:00:05]} b6 {[%emt 0:00:58]} 29. c4 {[%emt 0:00:36]} Kg7 {[%emt 0:02:50]} 30. Rb5 {[%emt 0:01:16]} Kf6 {[%emt 0:00:06]} 31. Rgb1 {[%emt 0:01:26]} Bd2 {[%emt 0:00:11] An interesting draw.   Weighted Error Value: White=0.01 (flawless) /Black=0.01 (flawless)} 1/2-1/2

[Event "Chinese League Div-A Final-KO 2023"]
[Site "Xiongan"]
[Date "2023.12.11"]
[Round "9.2"]
[White "Xue, Haowen"]
[Black "Bai, Jinshi"]
[Result "1/2-1/2"]
[WhiteElo "2455"]
[BlackElo "2585"]
[Annotator "TA"]
[PlyCount "58"]
[EventDate "2023.12.02"]
[EventCountry "CHN"]
[SourceTitle "playchess.com"]
[Source "ChessBase"]
[SourceQuality "1"]

{[%evp 15,58,10,13,11,28,18,27,34,25,28,10,14,29,7,5,14,8,0,0,0,0,0,0,0,0,0,0,0,0,-13,0,0,5,0,0,0,0,0,0,0,0,0,0,0,0]} 1. d4 {[%emt 0:00:02]} d5 {[%emt 0:00:12]} 2. Nf3 {[%emt 0:00:53]} Nf6 {[%emt 0:00:33]} 3. g3 {[%emt 0:01:26]} c5 {[%emt 0:00:53]} 4. Bg2 {[%emt 0:02:32]} cxd4 {[%emt 0:03:16]} 5. O-O {[%emt 0:00:07]} g6 {[%emt 0:00:09]} 6. Nxd4 {[%emt 0:01:23]} Bg7 {[%emt 0:00:15]} 7. Nb3 {[%emt 0:02:29]} O-O {[%emt 0:00:23]} 8. Nc3 {[%emt 0:00:15]} e6 {[%emt 0:00:11]} 9. e4 {[%emt 0:02:08] A49: 1 d4 Nf6 2 Nf3 g6 3 g3: Anti-King's Indian systems.} Nc6 {[%emt 0:00:26]} 10. exd5 {[%emt 0:11:13]} Nxd5 {[%emt 0:00:18]} 11. Nxd5 {[%emt 0:01:11] White has an edge.} exd5 {[%emt 0:00:06]} 12. c3 {[%emt 0:01:51]} d4 {[%emt 0:00:14]} 13. cxd4 {[%emt 0:01:51]} Nxd4 {[%emt 0:02:15]} 14. Nxd4 {[%emt 0:02:11]} (14. Be3 $5 {[%cal Rb3d4]} Nf5 15. Bc5 $14) 14... Qxd4 {[%emt 0:00:21] The position is equal.} 15. Qxd4 {[%emt 0:01:28]} Bxd4 {[%emt 0:00:06]} 16. Rd1 {[%emt 0:01:10] [#]} Bf6 $146 {[%emt 0:00:57]} ({Predecessor:} 16... Re8 17. Bf4 Bxb2 18. Rab1 Bf6 19. Bxb7 Bxb7 20. Rxb7 Re7 21. Rxe7 Bxe7 22. Rd7 Kf8 23. Kg2 Ke8 24. Rb7 Bc5 25. Bb8 a5 26. Rb5 Bb4 27. Bf4 {½-½ Jianu,V (2502)-Istratescu,A (2370) ROM-chT Eforie Nord 2023 (2.4)}) 17. Be3 {[%emt 0:06:52]} Bg4 {[%emt 0:15:19]} 18. Rd6 {[%emt 0:04:43]} Bxb2 {[%emt 0:05:37]} 19. Rb1 {[%emt 0:00:13]} Ba3 {[%emt 0:00:20]} 20. Rd4 {[%emt 0:01:07]} Bf5 {[%emt 0:01:15]} 21. Rxb7 {[%emt 0:00:23]} Bc5 {[%emt 0:00:05]} 22. Rd2 {[%emt 0:02:10]} Bxe3 {[%emt 0:10:00]} 23. fxe3 {[%emt 0:00:02]} Rad8 {[%emt 0:00:35]} 24. Rxd8 {[%emt 0:07:48]} Rxd8 {[%emt 0:00:05]} 25. Rxa7 $11 {[%emt 0:00:05] KRB-KRB} Rd1+ {[%emt 0:00:03]} 26. Kf2 {[%emt 0:00:05]} Rd2+ {[%emt 0:00:03]} 27. Kg1 {[%emt 0:00:12]} Rd1+ {[%emt 0:00:12]} 28. Kf2 {[%emt 0:00:04]} Rd2+ {[%emt 0:00:03]} 29. Kg1 {[%emt 0:00:06]} Rd1+ {[%emt 0:00:09] An uneventful encounter.   Weighted Error Value: White=0.02 (flawless) /Black=0.03 (flawless)} 1/2-1/2

[Event "Chinese League Div-A Final-KO 2023"]
[Site "Xiongan"]
[Date "2023.12.11"]
[Round "9.3"]
[White "Ma, Qun"]
[Black "Zhou, Weiqi"]
[Result "1/2-1/2"]
[WhiteElo "2653"]
[BlackElo "2593"]
[Annotator "TA"]
[PlyCount "76"]
[EventDate "2023.12.02"]
[EventCountry "CHN"]
[SourceTitle "playchess.com"]
[Source "ChessBase"]
[SourceQuality "1"]

{[%evp 13,76,14,23,13,18,25,14,25,16,12,17,9,16,0,0,0,0,0,0,-7,-14,-18,0,0,0,0,0,0,0,0,14,0,0,0,0,0,0,0,0,0,0,0,0,0,0,-8,0,0,0,-29,0,0,0,0,0,0,0,0,0,0,0,0,0,0,0]} 1. d4 {[%emt 0:00:09]} Nf6 {[%emt 0:00:06]} 2. c4 {[%emt 0:00:14]} e6 {[%emt 0:00:04]} 3. Nf3 {[%emt 0:00:23]} b6 {[%emt 0:00:06]} 4. g3 {[%emt 0:00:20]} Bb7 {[%emt 0:00:06]} 5. Bg2 {[%emt 0:00:07]} Be7 {[%emt 0:00:04]} 6. O-O {[%emt 0:00:44]} O-O {[%emt 0:00:05]} 7. Re1 {[%emt 0:01:20]} Qc8 $1 {[%emt 0:00:08][%mdl 4] 7...Qc8 is the recent fashion.} 8. Bg5 {[%emt 0:09:39][%cal Oe2e4] E17: Queen's Indian: 4 g3 Bb7 5 Bg2 Be7.} h6 {[%emt 0:00:09]} 9. Bxf6 {[%emt 0:00:03]} Bxf6 {[%emt 0:00:03]} 10. Nc3 {[%emt 0:00:14]} d6 {[%emt 0:00:04]} 11. e4 {[%emt 0:03:04]} Nd7 {[%emt 0:00:12]} 12. Qd2 {[%emt 0:00:15]} a6 {[%emt 0:00:13]} 13. Rad1 {[%emt 0:01:12]} c5 {[%emt 0:01:08]} 14. d5 {[%emt 0:02:35]} Ne5 {[%emt 0:00:11]} 15. Nxe5 {[%emt 0:18:52]} Bxe5 {[%emt 0:00:10]} 16. Bh3 {[%emt 0:00:07]} Qe8 {[%emt 0:00:04] [#]} 17. a4 $146 {[%emt 0:02:35]} ({Predecessor:} 17. Qd3 Qe7 18. Rd2 Rad8 19. Red1 exd5 20. Nxd5 Bxd5 21. exd5 Qf6 22. b3 g6 23. Re2 {½-½ Andriulaitis,V (2503)-Kolesar,M (2526) EU-chT9 fin email 2014 [4]}) 17... Bc8 {[%emt 0:06:02]} 18. Kg2 {[%emt 0:03:02]} Bxc3 {[%emt 0:02:18]} 19. Qxc3 {[%emt 0:02:00]} e5 {[%emt 0:03:37]} 20. Bxc8 {[%emt 0:01:30]} Rxc8 {[%emt 0:00:13]} 21. b3 {[%emt 0:08:01]} f6 {[%emt 0:03:49]} 22. f4 {[%emt 0:04:44]} Rb8 {[%emt 0:00:12][%cal Bc8b8,Bb8b4,Bb4c4][%mdl 32]} 23. f5 {[%emt 0:09:31]} b5 {[%emt 0:00:38]} 24. axb5 {[%emt 0:00:06]} axb5 25. Ra1 {[%emt 0:01:23]} bxc4 {[%emt 0:00:38]} 26. bxc4 {[%emt 0:00:05]} Qh5 {[%emt 0:02:30]} 27. Ra2 {[%emt 0:04:07]} Rb4 {[%emt 0:00:45]} 28. Qf3 {[%emt 0:00:13]} Qxf3+ {[%emt 0:04:12]} 29. Kxf3 $11 {[%emt 0:00:03][%mdl 4096] Endgame KRR-KRR} h5 {[%emt 0:00:10]} 30. Ra6 {[%emt 0:08:52]} Rd8 {[%emt 0:04:59]} 31. Rea1 {[%emt 0:13:02]} Rxc4 {[%emt 0:01:42]} 32. Ra8 {[%emt 0:02:14] The position is equal.} Rxa8 {[%emt 0:34:46]} 33. Rxa8+ {[%emt 0:01:30] KR-KR} Kh7 {[%emt 0:01:40]} 34. h4 {[%emt 0:00:39]} Rc3+ {[%emt 0:14:29]} 35. Kf2 {[%emt 0:00:08]} Rc2+ {[%emt 0:00:10]} 36. Kf3 {[%emt 0:00:08]} Rc3+ {[%emt 0:00:28]} 37. Kf2 {[%emt 0:00:02]} Rc2+ {[%emt 0:00:22]} 38. Kf3 {[%emt 0:00:02]} Rc3+ {[%emt 0:00:31] Not much happened in this game.   Weighted Error Value: White=0.03 (flawless) /Black=0.03 (flawless)} 1/2-1/2

[Event "Chinese League Div-A Final-KO 2023"]
[Site "Xiongan"]
[Date "2023.12.11"]
[Round "9.4"]
[White "Song, Yuxin"]
[Black "Zhao, Xue"]
[Result "1-0"]
[WhiteElo "2397"]
[BlackElo "2450"]
[Annotator "RC"]
[PlyCount "76"]
[EventDate "2023.12.02"]
[EventCountry "CHN"]
[SourceTitle "playchess.com"]
[Source "ChessBase"]
[SourceQuality "1"]

1. e4 {[%emt 0:00:02]} e5 {[%emt 0:00:15]} 2. Nf3 {[%emt 0:00:07]} Nc6 {[%emt 0:00:10]} 3. Bb5 {[%emt 0:00:07]} Nf6 {[%emt 0:00:16]} 4. O-O {[%emt 0:00:11]} Nxe4 {[%emt 0:00:15]} 5. Re1 {[%emt 0:00:07]} Nd6 {[%emt 0:00:08]} 6. Nxe5 {[%emt 0:00:09]} Be7 {[%emt 0:00:08]} 7. Bf1 {[%emt 0:00:08]} Nf5 {[%emt 0:00:15]} 8. Nf3 {[%emt 0:02:01]} O-O {[%emt 0:00:27]} 9. d4 {[%emt 0:00:09]} d5 {[%emt 0:00:54]} 10. c3 {[%emt 0:06:22]} Re8 {[%emt 0:03:20]} 11. Bd3 {[%emt 0:02:07]} Bd6 {[%emt 0:01:19]} 12. Rxe8+ {[%emt 0:05:25]} Qxe8 {[%emt 0:00:14]} 13. Nbd2 {[%emt 0:00:17]} Nce7 {[%emt 0:14:49]} 14. Nf1 {[%emt 0:12:53]} c6 {[%emt 0:06:12]} 15. Qc2 {[%emt 0:04:53]} g6 {[%emt 0:11:19]} 16. Bd2 {[%emt 0:06:15]} Ng7 {[%emt 0:05:20]} 17. Re1 {[%emt 0:00:55]} Bf5 {[%emt 0:11:42]} 18. Bxf5 {[%emt 0:06:51]} Ngxf5 {[%emt 0:00:08]} 19. Bg5 {[%emt 0:01:27]} Kg7 {[%emt 0:08:24]} 20. Qc1 {[%emt 0:04:28]} h6 {[%emt 0:07:51]} 21. Bd2 {[%emt 0:02:22]} h5 {[%emt 0:02:01]} 22. h3 {[%emt 0:05:36]} Qd7 {[%emt 0:02:20]} 23. Bf4 {[%emt 0:12:02]} h4 {[%emt 0:06:11]} 24. N1h2 {[%emt 0:06:28]} Qc7 {[%emt 0:04:42]} 25. Ne5 {[%emt 0:01:12]} Ng8 {[%emt 0:03:12]} 26. Nd3 {[%emt 0:04:44]} Bxf4 {[%emt 0:01:22]} 27. Nxf4 {[%emt 0:00:08]} Nf6 {[%emt 0:04:14]} 28. Nf3 {[%emt 0:02:42]} Qd6 {[%emt 0:03:43]} 29. Nd3 {[%emt 0:01:50]} Re8 {[%emt 0:01:11]} 30. Re5 {[%emt 0:00:28]} Qd8 {[%emt 0:01:52]} 31. Rxf5 {[%emt 0:03:43]} gxf5 32. Nxh4 {[%emt 0:00:01]} Nh7 {[%emt 0:01:21]} 33. Nxf5+ {[%emt 0:00:06]} Kh8 {[%emt 0:00:55]} 34. Ne5 {[%emt 0:02:14]} Qf6 {[%emt 0:00:26]} 35. Qf4 {[%emt 0:00:12]} Nf8 {[%emt 0:00:39]} 36. Qg4 {[%emt 0:00:41]} Ng6 {[%emt 0:00:28]} 37. Nd7 {[%emt 0:02:19]} Qe6 {[%emt 0:00:29]} 38. Qg5 {[%emt 0:00:03]} Kg8 {[%emt 0:00:34]} 1-0